UMPHRED'S NEUROLOGICAL REHABILITATION (Record no. 8763)

MARC details
000 -LEADER
fixed length control field 00482nam a22001817a 4500
005 - DATE AND TIME OF LATEST TRANSACTION
control field 20250415130622.0
008 - FIXED-LENGTH DATA ELEMENTS--GENERAL INFORMATION
fixed length control field 250414b |||||||| |||| 00| 0 eng d
020 ## - INTERNATIONAL STANDARD BOOK NUMBER
ISBN 978-0-323-61117-6
041 ## - LANGUAGE CODE
Language code of text/sound track or separate title eng
082 ## - DEWEY DECIMAL CLASSIFICATION NUMBER
Classification number 616.804 62 LAZ-U
100 ## - MAIN ENTRY--AUTHOR NAME
Personal name LAZARO, ROLANDO T AND GUERRA, SANDRA G REINA AND QUIBEN, MYLA U
245 ## - TITLE STATEMENT
Title UMPHRED'S NEUROLOGICAL REHABILITATION
250 ## - EDITION STATEMENT
Edition statement 7TH ED.
260 ## - PUBLICATION, DISTRIBUTION, ETC. (IMPRINT)
Name of publisher ELSEVIER
Year of publication 2020
300 ## - PHYSICAL DESCRIPTION
Number of Pages 1146;P
650 ## - SUBJECT ADDED ENTRY--TOPICAL TERM
Topical Term BPT
942 ## - ADDED ENTRY ELEMENTS (KOHA)
Koha item type Books
Holdings
Lost status Damaged status Collection code Home library Current library Shelving location Date acquired Source of acquisition Cost, normal purchase price Full call number Accession Number Koha item type
    Reference JRU Library JRU Library SHELF-8-C 14/04/2025 PURCHASE 12826.00 616.804 62 28746 Books